00753pam a2200205 a 4500001000800000005001700008008004100025010001700066020002800083040002300111041000800134060002200142080001800164082002200182100000600204101000800210245022000218504006400438740004500502395944220180228090512.0940324s1995 paua b 001 0 eng c a 94011970  a0397550537 (alk. paper) aDNLM/DLCcDLCdDLC aeng10aWB 205 B329g 1995 a616.0754 BAR00a616.0754 BAR2201 a5 aEKZ12aA guide to physical examination and history taking /cBarbara Bates, Lynn S. Bickley, Robert A. Hoekelman ; with a chapter on the pregnant woman by Joyce E. (Beebe) Thompson ; illustrations by Susan Shapiro Brenman. aIncludes bibliographical references (p. 663-675) and index.0 aPhysical examination and history taking.